| 000 | 03007nam0a2200457 4500 | ||
|---|---|---|---|
| 001 | RU\NLR\BIBL_A\022085445 | ||
| 005 | 20231219121136.0 | ||
| 010 |
_a978-5-6049991-8-9 _9100 |
||
| 021 |
_aRU _bКН-П-23-067266 _9КН-П-23-6841 |
||
| 035 | _a(NLR Aleph) 022085445 | ||
| 035 | _a(RuMoRGB)012252299 | ||
| 090 |
_a12701446 _c12701446 |
||
| 100 | _a20231130d2023 k y0rusy50 ca | ||
| 101 | 0 |
_arus _deng |
|
| 102 | _aRU | ||
| 105 | _aa z 111yy | ||
| 181 | 0 |
_ai3 _baxxe |
|
| 182 | 1 | _an | |
| 200 | 1 |
_aРемедиация почв: инновационные подходы к восстановлению экологических функций _eматериалы молодежной научной школы, 28-31 августа 2023, Москва _f[Международный форум "Агробиотехнологии: достижения и перспективы развития"] _gответственные редакторы: Терехова В. А., д. б. н. [и др.] |
|
| 203 |
_aТекст _bвизуальный _cнепосредственный |
||
| 210 |
_aМосква _cПостер-М _d2023 |
||
| 215 |
_a252 с. _cил., цв. ил., табл. _d21 |
||
| 300 | _aЗагл. также на англ. яз.: Proceedings of the International youth science school: "Soil remediation: innovative approaches to restoring ecological functions" | ||
| 300 | _aНа тит. л. и обл.: МГУ - 270, 1755 - 2025 | ||
| 300 | _aРез. англ. | ||
| 320 | _aБиблиогр. в конце докл. | ||
| 320 | _aАвт. указ.: с. 250-251 | ||
| 517 | 1 |
_aProceedings of the International youth science school: "Soil remediation: innovative approaches to restoring ecological functions" _zeng |
|
| 606 | 1 |
_aПочвы _xПлодородие _xВосстановление _jСъезды, совещания и т.п _2nlr_sh2 _3RU\NLR\AUTH\6601722452 |
|
| 606 | 1 |
_aРекультивация земель _xЭкологические основы _jСъезды, совещания и т.п _2nlr_sh1 _2nlr_sh2 _3RU\NLR\AUTH\66954342 |
|
| 675 |
_a504.5:631.4(082) _v4 |
||
| 686 | 1 | _aП032.6я431(0) | |
| 686 | 1 | _aП065.8я431(0) | |
| 702 | 1 |
_aТерехова _bВ. А. _cд-р биол. наук _f1953- _gВера Александровна _3RU\NLR\AUTH\7752226 _4340 |
|
| 711 | 1 | 2 |
_a"Ремедиация почв: инновационные подходы к восстановлению экологических функций", молодежная научная школа _f2023 _eМосква _3RU\NLR\AUTH\880601057 |
| 711 | 1 | 2 |
_a"Агробиотехнологии: достижения и перспективы развития", международный форум _f2023 _eМосква _3RU\NLR\AUTH\880601058 |
| 942 | _cBOOK | ||
| 980 | _aNB | ||